[Event "Provincial-ch Valencia Primera"]
[Site "Valencia"]
[Date "2010.11.13"]
[Round "5"]
[White "Jaglicic, Milan"]
[Black "Rosillo Olmedo, Javier"]
[Result "1-0"]
[WhiteElo "1866"]
[BlackElo "1626"]
[PlyCount "125"]
[EventDate "2010.10.02"]
[EventType "swiss"]
[EventRounds "7"]
[EventCountry "ESP"]
[SourceTitle "EXT 2024"]
[Source "ChessBase"]
[SourceDate "2023.10.10"]
[SourceVersion "1"]
[SourceVersionDate "2023.10.10"]
[SourceQuality "1"]

1. f4 d5 2. b4 e5 3. fxe5 Bxb4 4. Nf3 Bg4 5. c3 Bc5 6. d4 Bb6 7. e3 f6 8. Be2 Nd7 9. exf6 Ngxf6 10. 0-0 Qe7 11. h3 Bh5 12. Nh2 Bxe2 13. Qxe2 c5 14. Ba3 Qe6 15. Nd2 cxd4 16. cxd4 Bxd4 17. Rae1 Bc5 18. Bxc5 Nxc5 19. Qb5+ Qc6 20. Qe2 0-0 21. Rc1 Qd6 22. Qb5 b6 23. Rcd1 Rad8 24. Qb1 Nce4 25. Qd3 Rfe8 26. Rf4 Nc5 27. Qa3 Ne6 28. Qxd6 Rxd6 29. Rf5 Red8 30. Ng4 Nxg4 31. hxg4 Nc5 32. Nf3 Ne4 33. Re5 Nf6 34. Rd4 Ne4 35. g5 g6 36. Re7 R8d7 37. Rxd7 Rxd7 38. Kh2 Kf8 39. Kh3 Ke7 40. Kh4 Ke6 41. Rd1 Nc3 42. Rd2 Ne4 43. Rc2 Nc5 44. g4 Rf7 45. Kg3 Ne4+ 46. Kg2 Kd6 47. Rc8 Rc7 48. Rd8+ Kc5 49. Nd4 Nxg5 50. Rf8 Re7 51. Rc8+ Kd6 52. Rc3 Rf7 53. Rc8 Ne6 54. Rc6+ Kd7 55. Rxe6 Re7 56. Rxe7+ Kxe7 57. Kf3 a6 58. g5 Kd6 59. Kf4 b5 60. Nb3 Ke6 61. Nc5+ Kd6 62. Nxa6 Ke6 63. Nc7+ 1-0

[Event "Provincial-ch Valencia Primera"]
[Site "Valencia"]
[Date "2010.10.16"]
[Round "2"]
[White "Martinez Hernandez, Paula"]
[Black "Jaglicic, Milan"]
[Result "1-0"]
[WhiteElo "1653"]
[BlackElo "1866"]
[PlyCount "91"]
[EventDate "2010.10.02"]
[EventType "swiss"]
[EventRounds "7"]
[EventCountry "ESP"]
[SourceTitle "EXT 2024"]
[Source "ChessBase"]
[SourceDate "2023.10.10"]
[SourceVersion "1"]
[SourceVersionDate "2023.10.10"]
[SourceQuality "1"]

1. e4 Nf6 2. Nc3 c6 3. d4 e6 4. Bg5 Be7 5. Nf3 d6 6. Be2 h6 7. Bh4 Nh7 8. Bxe7 Qxe7 9. 0-0 Nd7 10. d5 Ne5 11. Nd4 0-0 12. f4 Ng6 13. dxc6 e5 14. cxb7 Bxb7 15. Nf5 Qd8 16. Nxd6 Bc6 17. fxe5 Nxe5 18. Nc4 Qg5 19. Rf5 Rad8 20. Rxg5 Rxd1+ 21. Rxd1 Nxc4 22. Rc5 Ne3 23. Rxc6 Nxd1 24. Bxd1 Rd8 25. Bf3 Ng5 26. Be2 Re8 27. Bd3 Ne6 28. g3 g6 29. Bc4 Ng5 30. Rc7 Nf3+ 31. Kf2 Ne5 32. Bb3 Rf8 33. Rxa7 Kg7 34. Ne2 g5 35. Nd4 Kg6 36. Ra6+ f6 37. Nf5 Re8 38. Ra7 Ng4+ 39. Kf3 Nxh2+ 40. Kg2 Rxe4 41. Ne7+ Kh5 42. Kxh2 Re2+ 43. Kg1 g4 44. Nf5 Kg5 45. Nd4 Re5 46. Rg7+ 1-0

[Event "Provincial-ch Valencia Primera"]
[Site "Valencia"]
[Date "2010.10.02"]
[Round "1"]
[White "Jaglicic, Milan"]
[Black "Torrijos Alhambra, Julian"]
[Result "1/2-1/2"]
[WhiteElo "1866"]
[BlackElo "1708"]
[PlyCount "90"]
[EventDate "2010.10.02"]
[EventType "swiss"]
[EventRounds "7"]
[EventCountry "ESP"]
[SourceTitle "EXT 2024"]
[Source "ChessBase"]
[SourceDate "2023.10.10"]
[SourceVersion "1"]
[SourceVersionDate "2023.10.10"]
[SourceQuality "1"]

1. d4 Nf6 2. Bf4 c5 3. c3 cxd4 4. cxd4 Qa5+ 5. Qd2 Nc6 6. e3 e6 7. Qxa5 Nxa5 8. Nc3 Bb4 9. Bd3 Nd5 10. Nge2 0-0 11. 0-0 a6 12. Nxd5 exd5 13. Bc7 Nc4 14. b3 Na3 15. Rac1 b5 16. Bb6 Rb8 17. Bc5 Bxc5 18. Rxc5 Bb7 19. Rfc1 Rbc8 20. Rxc8 Rxc8 21. Rxc8+ Bxc8 22. Kf1 b4 23. Ke1 Bb7 24. Kd2 a5 25. Kc1 Bc6 26. h4 Nb5 27. Bxb5 Bxb5 28. Nf4 Bc6 29. Kb2 h6 30. a3 g5 31. hxg5 hxg5 32. Nh5 Kh7 33. a4 Kg6 34. Ng3 f5 35. Ne2 Bb7 36. Kc2 d6 37. Kd2 Ba6 38. Ng1 Kg7 39. g3 Kf6 40. Nf3 Bf1 41. Ne1 f4 42. exf4 gxf4 43. gxf4 Kf5 44. Ke3 Bh3 45. f3 Bf1 1/2-1/2

[Event "Provincial-ch Valencia Primera"]
[Site "Valencia"]
[Date "2009.11.07"]
[Round "4"]
[White "Nieves Cabanes, Javier"]
[Black "Jaglicic, Milan"]
[Result "1-0"]
[WhiteElo "1647"]
[BlackElo "1899"]
[PlyCount "105"]
[EventDate "2009.10.03"]
[EventType "swiss"]
[EventRounds "7"]
[EventCountry "ESP"]
[SourceTitle "EXT 2024"]
[Source "ChessBase"]
[SourceDate "2023.10.10"]
[SourceVersion "1"]
[SourceVersionDate "2023.10.10"]
[SourceQuality "1"]

1. Nf3 Nf6 2. g3 c6 3. Bg2 d5 4. 0-0 Qc7 5. d3 e5 6. Nbd2 h6 7. b3 Bd6 8. Bb2 Bf5 9. Re1 Nbd7 10. e4 dxe4 11. Nxe4 Nxe4 12. dxe4 Bg4 13. Qd2 Rd8 14. Rad1 Nb6 15. c4 0-0 16. Qe3 Qe7 17. Rxd6 Bxf3 18. Rxd8 Rxd8 19. Bxf3 f6 20. Qe2 c5 21. Rd1 Nc8 22. Rxd8+ Qxd8 23. Qd1 Qxd1+ 24. Bxd1 Kf7 25. f3 Ke6 26. a3 a5 27. Bc3 b6 28. b4 Kd6 29. bxa5 bxa5 30. Bxa5 g6 31. Bc2 h5 32. Kf2 g5 33. Bd2 Ne7 34. f4 g4 35. a4 Nc6 36. Bc3 Nd4 37. Bxd4 cxd4 38. fxe5+ fxe5 39. Ke2 Kc5 40. Kd3 Kb4 41. a5 Kxa5 42. c5 Kb5 43. Bb3 Kxc5 44. Bf7 h4 45. gxh4 Kd6 46. Bh5 Ke6 47. Bxg4+ Kf6 48. Kc4 Kg6 49. Kd5 Kf6 50. h3 d3 51. h5 d2 52. h6 Kg6 53. Kxe5 1-0